FRUITS ZIPPER 1000万回再生の楽曲 ーサドンデス― - Statistics

General Stats
  • This quiz has been taken 22 times
    21 since last reset
  • The average score is 6 of 7
Answers on the Grid
Answers color-coded by a green-red scale on the quiz's grid according to % correct below.
JAM
KawaiiってMagic
NEW KAWAII
RADIO GALAXY
かがみ
さん
はちゃめちゃわちゃライフ!
ぴゅあいんざわーるど
わたしの一番かわいいところ
キミコイ
ハピチョコ
ピポパポ
フルーツバスケット
世界はキミからはじまる
君と目があったとき
好き、お願い
超めでたいソング~こんなに幸せでいいのかな?~
 
Answer Stats
Answer % Correct
わたしの一番かわいいところ
94%
フルーツバスケット
94%
NEW KAWAII
88%
かがみ
81%
はちゃめちゃわちゃライフ!
81%
ぴゅあいんざわーるど
69%
ハピチョコ
63%
No matching quizzes found
Score Distribution
Percent of People with Each Score
Percentile by Number Answered
Your Score History
You have not taken this quiz since the last reset